000 00788nam a2200181Ia 4500
008 151202s9999||||xx |||||||||||||| ||und||
082 _bPNVM-70575
100 _a"काकडे सीमा, दीक्षित प्रांजळ."
245 _aरोह्योची अस्ताकडे वाटचाल.
260 _bप्रयास पुणे.
260 _c70575
300 _a102
600 _a"काकडे सीमा, दीक्षित प्रांजळ."
630 _aरोह्योची अस्ताकडे वाटचाल.
700 _a"काकडे सीमा, दीक्षित प्रांजळ."
730 _aरोह्योची अस्ताकडे वाटचाल.
942 _cBOOK
999 _c1337084
_d1337081